| 000 | 00985nam a2200217Ii 4500 | ||
|---|---|---|---|
| 003 | JO-AjNU | ||
| 008 | 230605s9999||||xx |||||||||||||| ||und|| | ||
| 017 | _a2002/1/278 | ||
| 040 |
_aJO-AjNU _bara _erda _cJO-AjNU |
||
| 041 | _aara | ||
| 050 | 1 | 4 | _aHF 5657.H5292 2004 |
| 100 | 3 |
_aتأليف: الحيالي، وليد ناجي, _eauthor _930432 |
|
| 245 | 0 | 0 | _aدراسات في المشاكل المحاسبية المعاصرة: نماذج محاسبية مقترحة في محاسبة البيئة - محاسبة الموارد البشرية - محاسبة التضخم - محاسبة المخدرارت - محاسبة الجريمة |
| 250 | _aط1 | ||
| 264 | 3 | 1 | _aعمان: دار الحامد للنشر والتوزيع، 2004 |
| 300 |
_a341ص _bيحتوي على ببلوغرافية من ص340-341ص |
||
| 336 |
_atext _btxt _2rdacontent |
||
| 337 |
_aunmediated _bn _2rdamedia |
||
| 338 |
_avolume _bnc _2rdacarrier |
||
| 650 | 4 |
_aالمحاسبة المالية _930433 |
|
| 999 |
_aA12063 _c15631 _d15631 |
||